Implementing company strategy : Transforming plans into reality (Record no. 167429)

MARC details
000 -LEADER
fixed length control field 00407nam a2200145Ia 4500
008 - FIXED-LENGTH DATA ELEMENTS--GENERAL INFORMATION
fixed length control field 231217s9999 xx 000 0 und d
041 ## - LANGUAGE CODE
Language code of text/sound track or separate title English
082 ## - DEWEY DECIMAL CLASSIFICATION NUMBER
Classification number 658.4012 JUD `R1'
100 ## - MAIN ENTRY--PERSONAL NAME
Personal name Judson, Arnold S
245 #0 - TITLE STATEMENT
Title Implementing company strategy : Transforming plans into reality
260 ## - PUBLICATION, DISTRIBUTION, ETC.
Date of publication, distribution, etc. 2000
Name of publisher, distributor, etc. Infinity Books,N.Delhi
300 ## - PHYSICAL DESCRIPTION
Extent ix+292
650 ## - SUBJECT ADDED ENTRY--TOPICAL TERM
Topical term or geographic name entry element Strategic management
942 ## - ADDED ENTRY ELEMENTS (KOHA)
Koha item type Books
Holdings
Date last seen Total checkouts Full call number Accession number Cost, total (INR) price Price effective from Category Lost status Damaged status Department Withdrawn status Home library Current library Entry date Vendor Cost, normal purchase price Grants Billnumber Billdate Currency symbol Conversion rate Discount Old discount
26/01/2024   658.4012 JUD `R1' 16590 595.00 26/01/2024 Books     Central Library   Central Library Central Library 25/11/2000 Supreeth 700.00 MBA 1950 10/12/2003 RS 1 105 15

© For any Suggestions or Query, please contact the library staff @ librarian@pes.edu or Phone: +9180 2672 1983/ 2108.